| 000 | 01087na a2200325 4500 | ||
|---|---|---|---|
| 001 | 17924 | ||
| 003 | MIRAKIL | ||
| 005 | 20181213154917.0 | ||
| 008 | 161108b tu 000 0 | ||
| 020 | _a9751926424 | ||
| 040 |
_aMilas _btur _cTR-AnCHP |
||
| 041 | _atur | ||
| 082 |
_a338.9331 _bİ73 2001 |
||
| 090 | _a338.9331 İ73 2001 | ||
| 245 |
_aİşgücü piyasası özel ihtisas komisyonu raporu _cDevlet Planlama Teşkilatı |
||
| 246 | _aİşgücü piyasası | ||
| 260 |
_aAnkara _bDevlet Planlama Teşkilatı _c2001 |
||
| 300 |
_a90 s. _btbl. _c27 sm. |
||
| 440 |
_aDPT _v2548 |
||
| 490 |
_aÖİK _v564 |
||
| 500 | _aSekizinci beş yıllık kalkınma planı özel ihtisas komisyonu raporu | ||
| 610 | _aDevlet Planlama Teşkilatı (DPT) | ||
| 650 |
_aBeş yıllık kalkınma planları _yTürkiye |
||
| 650 |
_aİşgücü ve pazar _xKalkınma planı, 2001 _yRaporlar |
||
| 710 | _aDevlet Planlama Teşkilatı (DPT) | ||
| 740 | _aİşgücü piyasası | ||
| 830 | _aÖzel İhtisas Komisyonu | ||
| 830 | _aDevlet Planlama Teşkilatı Yayınları | ||
| 942 |
_2ddc _cBKS |
||
| 999 |
_c3030 _d3030 |
||